00890nam a2200241 a 4500001000900000005001700009008004100026020001500067040001300082050002200095100003700117245008300154260003400237300003200271440005000303500005800353504003100411650003900442650004000481942001100521999001300532952010300545BRCA_84220190320203155.0940114s1993 sp-a---##b---#001-0dspa-# a8486474183 aDLCcDLC 4aNK7139b.E88 19931 aEsteras Martín, Cristina9280410aArequipa y el arte de la plateríabsiglos XVI-XXcCristina Esteras Martín. aMadrid, EspañabTueroc1993 a303 p.bil. a colorc21 cm. 0aColección Investigación y crítica92805 aIncluye índice onomástico e índice geográfico aBibliografía: p. 286-29414aPlatería religiosazPerú9280614aPlaterosvBiografíazPerú92807 2lcccB c737d737 00104070aBRCAbBRCAd2008-06-26l0oNK7139 .E88 1993p01312r2019-03-22 00:00:00w2019-03-22yB